000 00396nam a2200169Ia 4500
999 _c3187
_d3187
008 200103s 1957 ||||xx |||||||||||||| ||und||
082 _a623.88
_bHMS
110 _aAdmiralty
245 0 _aManual of Seamanship
250 _aVol. 1
260 _bHMSO
_c1957
_aLondon
300 _a290p.
650 _aGeneral sea terms
650 _aTypes of ship
650 _aRigging
942 _cBK